Freedom of the Press Under Attack in Poland: Self-Censorship, Legal and Political Restrictions
Analýza slobody tlače v Poľsku v období 2002-2017. Umiestňovanie reklamy do médií podľa politickej orientácie ako nástroj nátlaku. Žalobcovia a novinári. Obmedzovanie vstupu novinárov do parlamentu. Návrh nového mediálneho zákona.
Salvato in:
| Autore principale: | |
|---|---|
| Natura: | Capitolo di libro |
| Lingua: | inglese |
| Soggetti: | |
| Tags: |
Nessun Tag, puoi essere il primo ad aggiungerne!!
|
MARC
| LEADER | 00000nla a2200000 4500 | ||
|---|---|---|---|
| 001 | 0246316 | ||
| 005 | 20240426102738.0 | ||
| 041 | 0 | |a eng | |
| 044 | |a PL | ||
| 245 | 1 | 0 | |a Freedom of the Press Under Attack in Poland: Self-Censorship, Legal and Political Restrictions |c Marcin Frenkel |
| 520 | |a Analýza slobody tlače v Poľsku v období 2002-2017. Umiestňovanie reklamy do médií podľa politickej orientácie ako nástroj nátlaku. Žalobcovia a novinári. Obmedzovanie vstupu novinárov do parlamentu. Návrh nového mediálneho zákona. | ||
| 610 | 2 | 0 | |a sloboda |
| 610 | 2 | 0 | |a politika |
| 610 | 2 | 0 | |a médiá |
| 610 | 2 | 0 | |a informácie |
| 610 | 2 | 0 | |a cenzúra |
| 610 | 2 | 0 | |a tlač |
| 610 | 2 | 0 | |a televízia |
| 610 | 2 | 0 | |a rozhlas |
| 610 | 2 | 0 | |a štát |
| 610 | 2 | 0 | |a nezávislosť |
| 610 | 2 | 0 | |a reklama |
| 610 | 2 | 0 | |a Poľsko |
| 610 | 2 | 0 | |a zákony |
| 100 | 1 | |a Frenkel, Marcin | |